000 00469nam a2200193Ia 4500
003 OSt
005 20230329092636.0
008 210210b1977 xxu||||| |||| 00| 0 eng d
040 _cAL
041 _aKonkani
082 _a891.462 RASI
100 _aRASKINA (J B)
_979313
245 _aIshtagat.
_bಇಷ್ಟಾಗತ್
260 _aManglur.
_bKonkani Natak Sabha
_c1977
300 _a94
690 _aKonkani Drama
_979314
906 _a049857
942 _2ddc
_cBK
999 _c98471
_d98471